ბათუმის შოთა რუსთაველის სახელმწიფო უნივერსიტეტის ბიბლიოთეკა

ალექსანდრე სტეფანეს-ძე ალადაშვილი : (ბიბ.ჩანაწერი № 61922)

000 -ლიდერი
ფიქსირებული სიგრძის საკონტროლო ველი 01083nam a22002057a 4500
003 - საკონტროლო ნომრის იდენტიფიკატორი
საკონტროლო ველი Ge_BSU
005 - ბოლო ოპერაციის თარიღი და დრო
საკონტროლო ველი 20240611101013.0
008 - ფიქსირებული სიგრძის მონაცემთა ელემენტები - ზოგადი ინფორმაცია
ფიქსირებული სიგრძის საკონტროლო ველი 240611s1955 ge ||||| |||| 00| 0 geo d
041 ## - ენის კოდი
Language code of text/sound track or separate title geo
080 ## - უნივერსალური ათობითი კლასიფიკაციის ინდექსი
Universal Decimal Classification number 61(479.22)(092) გ-37
100 ## - მთავარი ჩანაწერი - პიროვნების სახელი
Personal name გერსამია, ვლ.
9 (RLIN) 22384
245 ## - ცნობა სათაურის შესახებ
Title ალექსანდრე სტეფანეს-ძე ალადაშვილი :
Remainder of title [ცხოვრება და მოღვაწეობა] /
Statement of responsibility, etc ვლ. გერსამია; რედ. ს. საყვარელიძე.
264 ## - წარმოების, გამოცემის, დისტრიბუციის და სხვა ცნობები
გამოცემის, წარმოების, დისტრიბუციის... ადგილი თბილისი :
გამოცემის, წარმოების, დისტრიბუციის... სახელწოდება საქმედგამი,
გამოცემის, წარმოების, დისტრიბუციის... თარიღი 1955.
300 ## - ფიზიკური აღწერა
Extent 80 გვ. :
Other physical details 15ფ. პორტრ. და ილ. ;
Dimensions 21 სმ.
490 ## - სერიის ცნობა
Series statement საქართველოს მედიცინის მოღვაწენი
653 ## - INDEX TERM--UNCONTROLLED
Uncontrolled term ქართველი ექიმები
653 ## - INDEX TERM--UNCONTROLLED
Uncontrolled term ალადაშვილი, ალექსანდრე.
700 ## - ADDED ENTRY--PERSONAL NAME
Personal name საყვარელიძე, ს.
Relator term რედაქტორი
9 (RLIN) 22385
942 ## - ADDED ENTRY ELEMENTS (KOHA)
Source of classification or shelving scheme
Koha item type წიგნი
ეგზემპლარები
ჩამოწერის სტატუსი დაკარგული ეგზემპლარის სტატუსი კლასიფიკაციის წყარო ან თაროზე გაწყობის სქემა დაზიანების სტატუსი არ გაიცემა მუდმივი მდებარეობა (დაცვის ადგილი) ამჟამინდელი ადგილსამყოფელი თაროზე განთავსების ადგილი შეძენის თარიღი ღირებულება, შესყიდვის ნორმალური ფასი სრული შენახვის შიფრი შტრიხკოდი ბოლო ოპერაციის თარიღი ეგზემპლარის მიმდევრობითი ნომერი (კეტერი?) ფასის ძალაში შესვლის თარიღი ეგზემპლარის სახეობა საჯარო შენიშვნა
          ბათუმის შოთა რუსთაველის სახელმწიფო უნივერსიტეტის მთავარი ბიბლიოთეკა ბათუმის შოთა რუსთაველის სახელმწიფო უნივერსიტეტის მთავარი ბიბლიოთეკა წიგნსაცავი 2024-06-11 0.74 61(479.22)(092) გ-37 68100 2024-06-11 68100 2024-06-11 წიგნი 0.74 თ.
          ბათუმის შოთა რუსთაველის სახელმწიფო უნივერსიტეტის მთავარი ბიბლიოთეკა ბათუმის შოთა რუსთაველის სახელმწიფო უნივერსიტეტის მთავარი ბიბლიოთეკა წიგნსაცავი 2024-06-11 0.74 61(479.22)(092) გ-37 68101 2024-06-11 68101 2024-06-11 წიგნი 0.74 თ.